Mariano Marcos State University

University Library System

Female adolescents' separation from parents and their personality development: implications to nursing practice (Record no. 9775)

MARC details
000 -LEADER
fixed length control field 00649nam a22001697a 4500
003 - CONTROL NUMBER IDENTIFIER
control field OSt
005 - DATE AND TIME OF LATEST TRANSACTION
control field 20171010095524.0
008 - FIXED-LENGTH DATA ELEMENTS--GENERAL INFORMATION
fixed length control field 120817t xxu||||| |||| 00| 0 eng d
040 ## - CATALOGING SOURCE
Original cataloging agency MMSU
Transcribing agency ULS
100 ## - MAIN ENTRY--PERSONAL NAME
Personal name Dumbrique, Aida Michelle F.
9 (RLIN) 12312
245 ## - TITLE STATEMENT
Title Female adolescents' separation from parents and their personality development: implications to nursing practice
Statement of responsibility, etc. Aida Michelle F. Dumbrique
260 ## - PUBLICATION, DISTRIBUTION, ETC.
Date of publication, distribution, etc. 2001
300 ## - PHYSICAL DESCRIPTION
Extent xviii, 118 leaves
Dimensions 28 cm.
500 ## - GENERAL NOTE
General note Thesis (MA Nursing-Maternal & Child Nursing) -- Mariano Marcos State University-Graduate School, Laoag City <br/>
504 ## - BIBLIOGRAPHY, ETC. NOTE
Bibliography, etc. note Bibliography: leaves 97-106
942 ## - ADDED ENTRY ELEMENTS (KOHA)
Source of classification or shelving scheme
Koha item type Thesis/Dissertation
Holdings
Withdrawn status Lost status Source of classification or shelving scheme Damaged status Not for loan Home library Current library Date acquired Total Checkouts Barcode Date last seen Price effective from Koha item type Public note
          REF REF 08/17/2012   421-Gr 10/10/2017 10/10/2017 Thesis/Dissertation Library Use only

© 2023 Mariano Marcos State University. All Rights Reserved.

Powered by Koha